Vincitori Scarpa d'oro - Statistics

Statistiche generali
  • Questo quiz è stato fatto 364 volte
    110 dall'ultimo reset
  • Il punteggio medio è 30 su 56
Statistiche sulle risposte
Stagione Gol Coefficiente UEFA Punti Nazione Squadra Calciatore % Corretto
2007-2008 31 x2 62 Portogallo Manchester United Cristiano Ronaldo
100%
2010-2011 40 x2 80 Portogallo Real Madrid Cristiano Ronaldo
100%
2013-2014 31 x2 62 Portogallo Real Madrid Cristiano Ronaldo
100%
2014-2015 48 x2 96 Portogallo Real Madrid Cristiano Ronaldo
100%
2009-2010 34 x2 68 Argentina Barcellona Lionel Messi
100%
2011-2012 50 x2 100 Argentina Barcellona Lionel Messi
100%
2012-2013 46 x2 92 Argentina Barcellona Lionel Messi
100%
2016-2017 37 x2 74 Argentina Barcellona Lionel Messi
100%
2017-2018 34 x2 68 Argentina Barcellona Lionel Messi
100%
2018-2019 36 x2 72 Argentina Barcellona Lionel Messi
100%
2022-2023 36 x2 72 Norvegia Manchester City Erling Haaland
99%
1996-1997 34 x2 68 Brasile Barcellona Ronaldo
99%
2013-2014 31 x2 62 Uruguay Liverpool Luis Suárez
96%
2015-2016 40 x2 80 Uruguay Barcellona Luis Suárez
96%
2019-2020 36 x2 72 Italia Lazio Ciro Immobile
95%
2023-2024 36 x2 72 Inghilterra Bayern Monaco Harry Kane
95%
2006-2007 26 x2 52 Italia Roma Francesco Totti
94%
2024-2025 31 x2 62 Francia Real Madrid Kylian Mbappé
94%
2020-2021 41 x2 82 Polonia Bayern Monaco Robert Lewandowski
93%
2021-2022 35 x2 70 Polonia Bayern Monaco Robert Lewandowski
93%
2003-2004 30 x2 60 Francia Arsenal Thierry Henry
89%
2004-2005 25 x2 50 Francia Arsenal Thierry Henry
89%
1967-1968 42 Fino al 1991 il premio veniva assegnato al calciatore con il maggior numero di marcature in assoluto Fino al 1991 il premio veniva assegnato al calciatore con il maggior numero di marcature in assoluto Portogallo Benfica Eusébio
80%
1972-1973 40 - - Portogallo Benfica Eusébio
80%
2005-2006 31 x2 62 Italia Fiorentina Luca Toni
80%
1969-1970 38 - - Germania Ovest Bayern Monaco Gerd Müller
76%
1971-1972 40 - - Germania Ovest Bayern Monaco Gerd Müller
76%
2004-2005 25 x2 50 Uruguay Villarreal Diego Forlán
72%
2008-2009 32 x2 64 Uruguay Atletico Madrid Diego Forlán
72%
1985-1986 37 - - Paesi Bassi Ajax Marco van Basten
60%
1989-1990 38 - - Messico Real Madrid Hugo Sánchez
40%
2000-2001 35 x1,5 52,5 Svezia Celtic Henrik Larsson
36%
1983-1984 32 - - Galles Liverpool Ian Rush
36%
1989-1990 38 - - Bulgaria CSKA Sofia Hristo Stoičkov
20%
2002-2003 29 x2 58 Paesi Bassi Deportivo La Coruña Roy Makaay
17%
1998-1999 36 x1,5 54 Brasile Porto Jardel
11%
2001-2002 42 x1,5 63 Brasile Sporting Lisbona Jardel
11%
1990-1991 34 - - Jugoslavia Stella Rossa Belgrado Darko Pančev
10%
1999-2000 30 x2 60 Inghilterra Sunderland Kevin Phillips
6%
1982-1983 36 - - Portogallo Porto Fernando Gomes
5%
1984-1985 39 - - Portogallo Porto Fernando Gomes
5%
1974-1975 33 - - Romania Dinamo Bucarest Dudu Georgescu
4%
1976-1977 47 - - Romania Dinamo Bucarest Dudu Georgescu
4%
1997-1998 34 x2 68 Grecia Vitesse Nikos Machlas
4%
1977-1978 41 - - Austria Rapid Vienna Hans Krankl
3%
1973-1974 46 - - Argentina Sporting Lisbona Héctor Yazalde
3%
1988-1989 43 - - Romania Dinamo Bucarest Dorin Mateuț
2%
1978-1979 34 - - Paesi Bassi AZ Alkmaar Kees Kist
2%
1986-1987 39 - - Austria Austria Vienna Toni Polster
2%
1980-1981 31 - - Bulgaria Trakia Plovdiv Georgi Slavkov
1%
1970-1971 44 - - Jugoslavia Olympique Marsiglia Josip Skoblar
1%
1975-1976 39 - - Cipro Omonia Nicosia Sōtīrīs Kaïafas
1%
1987-1988 39 - - Turchia Galatasaray Tanju Çolak
1%
1981-1982 32 - - Paesi Bassi Ajax Wim Kieft
1%
1979-1980 39 - - Belgio Lierse Erwin Vandenbergh
0%
1968-1969 36 - - Bulgaria CSKA Sofia Petăr Žekov
0%
Nessun quiz corrispondente trovato
Distribuzione punteggi
Percentuale di utenti per punteggio
Percentile per numero di risposta
I tuoi punteggi nel tempo
Non hai fatto questo quiz dall'ultimo reset